| 000 | 01792nam a2200373 c 4500 | ||
|---|---|---|---|
| 003 | BLK | ||
| 005 | 20240618112411.0 | ||
| 008 | 180408b bul|||||r ||||||| ||bul|| | ||
| 010 | _aKNG00083199000 | ||
| 020 |
_a954-8094-11-8 _bиздат.: Фонд. Бълг. адвокати за правата на човека |
||
| 040 | _aBLK | ||
| 041 |
_aBUL _cBUL |
||
| 080 |
_aСъдопроизводство (Съдебна процедура). Съдоустройство (Организация на съдилищата и прокуратурата). Вж и 343. 1;344;348 _b347.9 _x(497.2) _z347.9(497.2) |
||
| 700 | 1 |
_aКалайджиева, Здравка _eавт.-състав. _9372125 |
|
| 700 | 1 |
_aЕкимджиев, Михаил _eавт.-състав. _9298863 |
|
| 139 |
_aКалайджиева, Здравка и др. _bК 16 |
||
| 245 | 1 | 0 |
_aВодене на стратегически дела и дела в обществен интерес в България _cавт.-състав. Здравка Калайджиева; авт.-състав. Михаил Екимджиев. |
| 257 | _aBGR | ||
| 260 |
_аСофия _bФонд. Бълг. адвокати за правата на човека _c2005 |
||
| 300 |
_a96 с. _c24 см |
||
| 380 | _a3 | ||
| 500 | _aОфс. изд. - Библиогр. под линия. | ||
| 504 | _aпод линия | ||
| 650 | 7 |
_aСъдопроизводство - България _2 _9172948 |
|
| 651 | 4 |
_aБългария _9241624 |
|
| 653 | _aадвокатура | ||
| 653 | _aсъдопроизводство | ||
| 852 | _aЦб 239639 | ||
| 856 | 4 |
_qpdf _u |
|
| 856 | 4 |
_qpdf _u |
|
| 942 |
_cKNG _n0 |
||
| 944 |
_aCR _c15.04.2008 _lГеновева Генчева _k30560 |
||
| 944 |
_aED _c12.08.2011 _lф / _k |
||
| 999 |
_c78733 _d78733 |
||